000 00626nam a2200181Ia 4500
003 GCL
005 20240530105035.0
008 140319s9999 xx 000 0 ara d
040 _aGCL /
_cGCL
082 0 4 _a692.3
_bا ع
100 1 _aالسيد عبدالفتاح القصبى
245 1 0 _aعقود ومواصفات الاعمال الانشائية /
_cالسيد عبدالفتاح القصبى
260 _a[S.N] :
_bدار الكتب العلمية للنشر والتوزيع ،
_c1992
300 _a329 ص
650 0 4 _aالعقود
650 0 4 _aقانون العقود والتوكيلات
942 _2ddc
_cBK
999 _c52690
_d52690